000 01156nam a2200253 i 4500
001 190517
003 ES-MaACL
005 20240112180059.0
008 210818s1989 sp a 001 0dspa d
020 _a84-7664-237-7
080 _a75 Gorky, Arshile (064.3)
100 1 _aGorky, Arshile (
_d1905-1948)
_9173308
245 1 0 _aArshile Gorky, 1904-1948 :
_bexposición organizada por la Fundación Caja de Pensiones y The Whitechapel Art Gallery : 17 de octubre-23 de diciembre 1989, Sala de Exposiciones de la Fundación Caja de Pensiones, Madrid, 19 de enero-25 de marzo 1990, The Whitechapel Art Gallery, Londres.
260 _a[Madrid] :
_bFundación Caja de Pensiones,
_c[1989]
300 _a227 p. :
_bprincipalmente il. col. y n. ;
_c30 cm.
504 _aBibliografía: 189.
546 _aTexto en español e inglés.
600 1 4 _aGorky, Arshile (
_d1905-1948)-
_vExposiciones.
_9173309
655 7 _2tgfbne
_9193628
_aCatálogos de exposiciones
710 2 _aFundació "la Caixa"
_9173255
852 4 _aES-MaACL
_jA-14720
_9197695
_bR.151976
_cDEPO1
_dOlim: N-7720
_hDonación: Editorial
942 _2udc
_cMONOGRAFIA
999 _c190517
_d190517